000 00455nam a22001457a 4500
999 _c13010
_d13010
008 190206b ||||| |||| 00| 0 eng d
020 _a9715423590
082 _22002
_aDFil 899.2111
_bAb1
100 _aAbad, Gemino H.
_936682
245 _aThe revenge of the parts of speech/
_cGemino H. Abad.
260 _aQuezon City:
_bUP Press,
_c©2002
300 _aviii, page 44-46;
_c 20 cm.
650 _aPhilippine poetry (English).
_936683
942 _2ddc
_cDFIL